00759nam a2200253 a 450000100060000000300080000600500170001400800410003102000320007203500200010404000250012404100080014908200240015710000220018124500630020326000490026630000240031550000220033965000270036165000280038865000400041665000310045670000180048765645BD-RjUL20211209081440.0170309s1987 enk 001 0 eng d a0333362713 (pbk.) :c£3.95 a(BD-RjUL) 65775 aMHcMHdBD-RjULbeng aeng 223a801.4bPEL 19871 aPeck, Johnd1947-10aLiterary terms and criticism /cJohn Peck and Martin Coyle aLondon :bMacmillan,cc1984 [Reprinted 1987] ax, 177 p. ;c22 cm. aIncludes indexes. 0aCriticismxTerminology 0aLiteraturexTerminology 0aEnglish languagexTerms and phrases 0aLiterary formxTerminology1 aCoyle, Martin